Stations of the former Oswestry and Newtown railway - Statistics

General Stats
  • This quiz has been taken 2 times
  • The average score is 8 of 33
Answer Stats
Oswestry and Newtown % Correct
Kerry
100%
Llanfyllin
100%
Newtown
100%
Oswestry
100%
Porthywaen Halt
100%
Welshpool
100%
Cefn/Buttington
50%
Llangedwyn Halt
50%
Llansaintffraid
50%
Llanymynech
50%
Abermule
0%
Arddleen
0%
Blodwell Junction
0%
Bryngwyn Halt
0%
Carreghofa Halt
0%
Ffronfraith
0%
Forden
0%
Four Crosses
0%
Glanyrafon Halt
0%
Goitre
0%
Llanfechain
0%
Llangynog
0%
Llanrhaiadr Mochnant
0%
Llansilin Road
0%
Llanyblodwel Halt
0%
Llynclys
0%
Llynclys Junction
0%
Montgomery
0%
Pant
0%
Pedairffordd Halt
0%
Pentrefelin
0%
Penybontfawr
0%
Pool Quay
0%
No matching quizzes found
Score Distribution
Percent of People with Each Score
Percentile by Number Answered
Your Score History
You have not taken this quiz